01520nam a2200409 i 450000100060000000300080000600500170001400600190003100700150005000800410006502000180010603500230012403500240014703500250017103500210019604000310021705000250024808000110027308200180028410000320030224500980033426401200043230000410055233600310059333700330062433800430065750400290070058801270072965000330085665000300088965000160091965100510093565100210098665100140100765500270102185600620104872752FlNmELB20241217143417.0m o d | cr cnu||||||||151203s2006 mx ob 000 0 spa d z9789702708827 a(MiAaPQ)EBC4184608 a(Au-PeEL)EBL4184608 a(CaPaEBR)ebr11126845 a(OCoLC)949156172 aFINmELBbspaerdacFINmELB 4aJL1298.A3bS218 2006 a32(72)0 a324.272042231 aSandoval Álvarez, Rafael.10aNuevas formas de hacer política :buna subjetividad emergente /cRafael Sandoval Álvarez. 1aGuadalajara, Jalisco :bUniversidad de Guadalajara, Centro Universitario de Ciencias Sociales y Humanidades,c2006. a1 recurso en línea (297 páginas) atextobtxt2rdacontent/spa acomputadorabc2rdamedia/spa arecurso en líneabcr2rdacarrier/spa aContiene bibliografía. aDescripción basada en recurso en línea; Título de la página del título en PDF (e-libro, visto December 3, 2015). 0aPolitics, PracticalzMexico. 0aSocial movementszMexico. 4aPolítica. 0aMexicoxPolitics and governmenty20th century. 0aJalisco (Mexico) 4aMéxico. 4aLibros electrónicos.40uhttps://elibro.net/ereader/politecnicointernacional/74253